000 00701nam a2200229 i 4500
001 bg
100 1 _aIszkowski, Wacław
_d(1949- ).
245 1 0 _aPraktyka zarządzania międzynarodowego w Polsce :
_b"przeszczep managementu" /
_cWacław Iszkowski.
260 _aWarszawa :
_b"Difin",
_c2000.
300 _a157 s. ;
_c23 cm.
650 9 _aPrzedsiębiorstwo wielonarodowe
_zPolska
650 9 _aZarządzanie
_xmetody
655 _aPoradniki
020 _a8372510806
040 _cBPK
041 0 _apl
080 _a334.726(438)(083.1)
920 _a83-7251-080-6
942 _cKS
008 s pl f |000 0 pol
999 _c39870
_d39870
856 _uhttp://koha.tu.koszalin.pl/cgi-bin/koha/opac-detail.pl?biblionumber=39870
_yKatalog online BPK